| 000 | 00917nam a22002657a 4500 | ||
|---|---|---|---|
| 005 | 20170123162320.0 | ||
| 010 | _aB-283578 | ||
| 020 |
_c25.00 _a8126001151 |
||
| 035 | _aB-283578 | ||
| 037 | _bCen Lib/Ret | ||
| 040 |
_aDPL _bUR |
||
| 082 |
_a841.08 _bس ا ح |
||
| 100 |
_aسلیمان اطہر جاوید _9788 |
||
| 245 |
_aساحر لدھیانوی / _cسلیمان اطہر جاوید |
||
| 246 |
_aSahir Ludhyanvi / _bby Suleman Athar Javed |
||
| 260 |
_a دہلی _bساہتیہ اکدمی _c2007 |
||
| 270 |
_b دہلی _e110001 _aرویندرا بھوں ٣٥، فیروز شاہ مارگ |
||
| 300 |
_a70p. _c21cm(pbk) |
||
| 500 | _aکتابیات شامل | ||
| 650 |
_aاردو ادب _9116736 |
||
| 650 |
_aاردو سوانے عمری _9116737 |
||
| 650 |
_aUrdu literature _9116738 |
||
| 650 |
_aUrdu biography _9511 |
||
| 942 |
_2ddc _cUR _h841.08 _mس ا ح |
||
| 999 |
_c107034 _d107034 |
||